000 00303nam a22001337a 4500
003 OSt
005 20240321095455.0
008 240321b |||||||| |||| 00| 0 eng d
040 _cOB
245 _aකලියුගය
260 _aSaman press
300 _a206p.,21cm
_bDamaged
942 _2udc
_cBK
_n0
999 _c145394
_d145394